Central Library and Information Centre
Sibsagar Girls' College, Sivasagar : Assam

ECHINODERMATA (Record no. 8457)

MARC details
000 -LEADER
fixed length control field 00417cam a2200181ua 4500
008 - FIXED-LENGTH DATA ELEMENTS--GENERAL INFORMATION
fixed length control field 110908n1994 II |||gr||||Z||||||eng
040 ## - CATALOGING SOURCE
Original cataloging agency MAIN
041 ## - LANGUAGE CODE
-- English
082 ## - DEWEY DECIMAL CLASSIFICATION NUMBER
Classification number 593.9 KOT
100 ## - MAIN ENTRY--PERSONAL NAME
Personal name KOTPAL, R.L.
245 ## - TITLE STATEMENT
Title ECHINODERMATA
250 ## - EDITION STATEMENT
Edition statement 5TH.
260 ## - PUBLICATION, DISTRIBUTION, ETC.
Place of publication, distribution, etc. MEERUT
Name of publisher, distributor, etc. RASTOGI PUBLICATION
Date of publication, distribution, etc. 1994
300 ## - PHYSICAL DESCRIPTION
Extent 216:
Dimensions 17CM.
942 ## - ADDED ENTRY ELEMENTS (KOHA)
Koha item type Books
653 ## - INDEX TERM--UNCONTROLLED
Uncontrolled term Marine & seashore invertebrates
Holdings
Withdrawn status Lost status Damaged status Not for loan Collection code Home library Current library Shelving location Date acquired Full call number Barcode Date last seen Copy number Price effective from Koha item type Public note
        TBZOO Central Library and Information Centre Sibsagar Girls College Central Library and Information Centre Sibsagar Girls College ZOOLOGY BOOK RACK 23.06.1998 593.9 KOT 15705 27.02.2020 1 27.02.2020 Books V


Sibsagar Girl's College © 2020. All rights reserved.
Powered by Koha.
Maintained by Abhijit Borpuzari.